000 00528nam a2200181Ia 4500
003 OSt
005 20220830092728.0
008 220830b |||||||| |||| 00| 0 eng d
040 _cIFM Library
082 _a332.17
100 _aBajwa, K. S.
_92626
245 _aBank Mechanisation: Computers in Banking Operations
260 _aNew Delhi:
_bSkylark Publications,
_c1986
300 _axv, 244p.:ill. ; 22cm
500 _aIncludes Bibliographical Details and Index
650 _aCommercial banking
_92572
942 _cBK
_2ddc
_n0
999 _c1161
_d1161